| 000 | 00987nam a22002657a 4500 | ||
|---|---|---|---|
| 999 |
_c21535 _d21535 |
||
| 003 | AR-CdUCM | ||
| 008 | 190311b ||||| |||| 00| 0 spa d | ||
| 020 | _a9786123170929 | ||
| 040 |
_aMUNICIPALIDAD PROVINCIAL DEL CUSCO _cBIBLIOTECA MUNICIPAL DEL CUSCO |
||
| 082 |
_a869.560/S18 _bS18 |
||
| 100 |
_aSalazar, Ina María _945271 |
||
| 245 |
_aLa poesía ante la muerte de Dios : _bCésar Vallejo, Jorge Eduardo Eielson y Blanca Varela / _cIna María Salazar ; ilustración, Lea Rimoux |
||
| 260 |
_aLima : _bPontificia Universidad Católica del Perú, _c2015. |
||
| 300 |
_a448 páginas. : _c21 cm. |
||
| 650 |
_aVallejo, César _910405 |
||
| 650 |
_aEielson, Jorge Eduardo _945272 |
||
| 650 |
_aVarela, Blanca _945273 |
||
| 650 |
_aPoesía peruana _945274 |
||
| 650 |
_aHistoria y crítica _95993 |
||
| 650 |
_aSiglo XX _945275 |
||
| 700 |
_aRimoux, Lea (ilustradora) _945276 |
||
| 710 |
_aPontificia Universidad Católica del Perú _9400 |
||
| 942 |
_2ddc _cLIBROS |
||
| 945 | _aRoel | ||